| 000 | 00637nam a22002057a 4500 | ||
|---|---|---|---|
| 005 | 20251108171042.0 | ||
| 008 | 250721s1993 xx 000 0 ara d | ||
| 082 | 1 | 4 | _a414.3/محم |
| 100 | 1 | _aعبد المطلب، محمد | |
| 245 | 1 | 0 |
_aبناء الأسلوب في شعر الحداثة : _bالتكوين البديعي / |
| 264 | 1 |
_aالقاهرة : _bدار المعارف، _c1993. |
|
| 300 | _a460ص | ||
| 650 | 1 | 7 | _aاللغة العربية |
| 650 | 1 | 7 | _aالبلاغة |
| 650 | 1 | 7 | _aالبديع |
| 650 | 1 | 7 | _aالشعر الحديث |
| 650 | 1 | 7 | _aالتاريخ والنقد |
| 942 |
_2ddc _cBK |
||
| 999 |
_c55371 _d55371 |
||